<?xml version="1.0" encoding="UTF-8"?>
<record
    xmlns:xsi="http://www.w3.org/2001/XMLSchema-instance"
    xsi:schemaLocation="http://www.loc.gov/MARC21/slim http://www.loc.gov/standards/marcxml/schema/MARC21slim.xsd"
    xmlns="http://www.loc.gov/MARC21/slim">

  <leader>01077nas a2200253 454500</leader>
  <controlfield tag="001">28863</controlfield>
  <controlfield tag="005">20260407193507.0</controlfield>
  <controlfield tag="008">260407s2007####ag###########|||spa#d</controlfield>
  <controlfield tag="003">AR-UNSa-BCEJYS</controlfield>
  <datafield tag="040" ind1=" " ind2=" ">
    <subfield code="a">AR-UNSa-BCEJYS</subfield>
    <subfield code="b">spa</subfield>
    <subfield code="c">AR-UNSa-BCEJYS</subfield>
  </datafield>
  <datafield tag="080" ind1=" " ind2=" ">
    <subfield code="a">378.245</subfield>
    <subfield code="x">T&#xED;tulos basados en tesis. Tesis doctorales (Posgrados)</subfield>
  </datafield>
  <datafield tag="245" ind1="1" ind2="0">
    <subfield code="a">Colecci&#xF3;n de Tesis Doctorales de la Facultad de Ciencias Econ&#xF3;micas (UBA)</subfield>
  </datafield>
  <datafield tag="022" ind1=" " ind2=" ">
    <subfield code="a">1851-9512</subfield>
  </datafield>
  <datafield tag="264" ind1=" " ind2="1">
    <subfield code="a">Buenos Aires :</subfield>
    <subfield code="b">Secretar&#xED;a de Investigaci&#xF3;n y Doctorado</subfield>
    <subfield code="c">2007</subfield>
  </datafield>
  <datafield tag="041" ind1=" " ind2=" ">
    <subfield code="a">spa</subfield>
  </datafield>
  <datafield tag="942" ind1=" " ind2=" ">
    <subfield code="c">SER</subfield>
  </datafield>
  <datafield tag="590" ind1=" " ind2=" ">
    <subfield code="a">niveau_biblio:s niveau_hierar:1</subfield>
  </datafield>
  <datafield tag="100" ind1="1" ind2=" ">
    <subfield code="a">Universidad de Buenos Aires. Facultad de Ciencias Econ&#xF3;micas. Secretar&#xED;a de Investigaci&#xF3;n y Doctorado</subfield>
  </datafield>
  <datafield tag="650" ind1=" " ind2=" ">
    <subfield code="a">Investigaci&#xF3;n</subfield>
  </datafield>
  <datafield tag="650" ind1=" " ind2=" ">
    <subfield code="a">Tesis</subfield>
  </datafield>
  <datafield tag="650" ind1=" " ind2=" ">
    <subfield code="a">Investigaci&#xF3;n econ&#xF3;mica</subfield>
  </datafield>
  <datafield tag="650" ind1=" " ind2=" ">
    <subfield code="a">INVESTIGACION CIENTIFICA</subfield>
  </datafield>
  <datafield tag="856" ind1="4" ind2="1">
    <subfield code="u">https://biblioeco.unsa.edu.ar/pmb/images/revistas/Universidad de Buenos Aires Facultad de Ciencias Economicas tesis(Influencia de las caracteristicas de personalidad)-r13935.jpg</subfield>
    <subfield code="y">Imagen de portada</subfield>
    <subfield code="q">image/jpeg</subfield>
  </datafield>
  <datafield tag="999" ind1=" " ind2=" ">
    <subfield code="c">8660</subfield>
    <subfield code="d">8660</subfield>
  </datafield>
  <datafield tag="952" ind1=" " ind2=" ">
    <subfield code="0">0</subfield>
    <subfield code="1">0</subfield>
    <subfield code="4">0</subfield>
    <subfield code="7">0</subfield>
    <subfield code="a">BCEJYS</subfield>
    <subfield code="b">BCEJYS</subfield>
    <subfield code="c">17</subfield>
    <subfield code="d">2010-07-01</subfield>
    <subfield code="h">A&#xF1;o 4, N&#xBA; 1 - (jul. 2010)</subfield>
    <subfield code="l">0</subfield>
    <subfield code="o">H378.245 COL a4.n1</subfield>
    <subfield code="p">R13968</subfield>
    <subfield code="r">2026-04-10 16:08:47</subfield>
    <subfield code="w">2026-04-10</subfield>
    <subfield code="y">RN</subfield>
  </datafield>
  <datafield tag="952" ind1=" " ind2=" ">
    <subfield code="0">0</subfield>
    <subfield code="1">0</subfield>
    <subfield code="4">0</subfield>
    <subfield code="7">0</subfield>
    <subfield code="a">BCEJYS</subfield>
    <subfield code="b">BCEJYS</subfield>
    <subfield code="c">17</subfield>
    <subfield code="d">2009-11-01</subfield>
    <subfield code="h">A&#xF1;o 3, N&#xBA; 1 - (nov. 2009)</subfield>
    <subfield code="l">0</subfield>
    <subfield code="o">H378.245 COL a3.n1</subfield>
    <subfield code="p">R13967</subfield>
    <subfield code="r">2026-04-10 16:08:47</subfield>
    <subfield code="w">2026-04-10</subfield>
    <subfield code="y">RN</subfield>
  </datafield>
  <datafield tag="952" ind1=" " ind2=" ">
    <subfield code="0">0</subfield>
    <subfield code="1">0</subfield>
    <subfield code="4">0</subfield>
    <subfield code="7">0</subfield>
    <subfield code="a">BCEJYS</subfield>
    <subfield code="b">BCEJYS</subfield>
    <subfield code="c">17</subfield>
    <subfield code="d">2009-07-01</subfield>
    <subfield code="h">A&#xF1;o 2, N&#xBA; 2 - (jul. 2009)</subfield>
    <subfield code="l">0</subfield>
    <subfield code="o">H378.245 COL a2.n2</subfield>
    <subfield code="p">R13966</subfield>
    <subfield code="r">2026-04-10 16:08:48</subfield>
    <subfield code="w">2026-04-10</subfield>
    <subfield code="y">RN</subfield>
  </datafield>
  <datafield tag="952" ind1=" " ind2=" ">
    <subfield code="0">0</subfield>
    <subfield code="1">0</subfield>
    <subfield code="4">0</subfield>
    <subfield code="7">0</subfield>
    <subfield code="a">BCEJYS</subfield>
    <subfield code="b">BCEJYS</subfield>
    <subfield code="c">17</subfield>
    <subfield code="d">2008-11-01</subfield>
    <subfield code="h">A&#xF1;o 2, N&#xBA; 1/2 - nov. 2008</subfield>
    <subfield code="l">0</subfield>
    <subfield code="o">H378.245 COL a2.n1/2</subfield>
    <subfield code="p">R13965</subfield>
    <subfield code="r">2026-04-10 16:08:48</subfield>
    <subfield code="w">2026-04-10</subfield>
    <subfield code="y">RN</subfield>
  </datafield>
  <datafield tag="952" ind1=" " ind2=" ">
    <subfield code="0">0</subfield>
    <subfield code="1">0</subfield>
    <subfield code="4">0</subfield>
    <subfield code="7">0</subfield>
    <subfield code="a">BCEJYS</subfield>
    <subfield code="b">BCEJYS</subfield>
    <subfield code="c">17</subfield>
    <subfield code="d">2008-11-01</subfield>
    <subfield code="h">A&#xF1;o 2, N&#xBA; 1/1 - nov. 2008</subfield>
    <subfield code="l">0</subfield>
    <subfield code="o">H378.245 COL a2.n1/1</subfield>
    <subfield code="p">R13964</subfield>
    <subfield code="r">2026-04-10 16:08:48</subfield>
    <subfield code="w">2026-04-10</subfield>
    <subfield code="y">RN</subfield>
  </datafield>
  <datafield tag="952" ind1=" " ind2=" ">
    <subfield code="0">0</subfield>
    <subfield code="1">0</subfield>
    <subfield code="4">0</subfield>
    <subfield code="7">0</subfield>
    <subfield code="a">BCEJYS</subfield>
    <subfield code="b">BCEJYS</subfield>
    <subfield code="c">17</subfield>
    <subfield code="d">2008-08-01</subfield>
    <subfield code="h">A&#xF1;o 1, N&#xBA; 2 - ago. 2008</subfield>
    <subfield code="l">0</subfield>
    <subfield code="o">H378.245 COL a1.n2</subfield>
    <subfield code="p">R13963</subfield>
    <subfield code="r">2026-04-10 16:08:48</subfield>
    <subfield code="w">2026-04-10</subfield>
    <subfield code="y">RN</subfield>
  </datafield>
  <datafield tag="952" ind1=" " ind2=" ">
    <subfield code="0">0</subfield>
    <subfield code="1">0</subfield>
    <subfield code="4">0</subfield>
    <subfield code="7">0</subfield>
    <subfield code="a">BCEJYS</subfield>
    <subfield code="b">BCEJYS</subfield>
    <subfield code="c">17</subfield>
    <subfield code="d">2008-07-01</subfield>
    <subfield code="h">A&#xF1;o 1, N&#xBA; 1 - jul. 2008</subfield>
    <subfield code="l">0</subfield>
    <subfield code="o">H378.245 COL a1.n1</subfield>
    <subfield code="p">R13935</subfield>
    <subfield code="r">2026-04-10 16:08:48</subfield>
    <subfield code="w">2026-04-10</subfield>
    <subfield code="y">RN</subfield>
  </datafield>
</record>
